История лесоводства. Вып. 5: Жизнь замечательных лесоводов (Запись № 13692085)
[ простой вид ]
| 000 -МАРКЕР | |
|---|---|
| контрольное поле | 02151nam2a2200349 4500 |
| 001 - ИДЕНТИФИКАТОР ЗАПИСИ | |
| контрольное поле | RU\NLR\BIBL_A\022627837 |
| 005 - ИДЕНТИФИКАТОР ВЕРСИИ | |
| контрольное поле | 20260426071659.0 |
| 010 ## - МЕЖДУНАРОДНЫЙ СТАНДАРТНЫЙ НОМЕР КНИГИ (ISBN) | |
| Номер (ISBN) | 978-5-908015-09-7 |
| Тираж | 500 |
| 021 ## - НОМЕР ГОСУДАРСТВЕННОЙ РЕГИСТРАЦИИ | |
| Код страны | Российская Федерация |
| Номер | КН-П-25-045211 |
| Номер Листа государственной регистраци | КН-П-25-4392 |
| 035 ## - ДРУГИЕ СИСТЕМНЫЕ НОМЕРА | |
| Идентификатор записи | (NLR Aleph) 022627837 |
| 100 ## - ДАННЫЕ ОБЩЕЙ ОБРАБОТКИ | |
| Данные общей обработки | 20250922d2025 u y0rusy50 ca |
| 101 0# - ЯЗЫК РЕСУРСА | |
| Язык текста, звукозаписи и т.д. | русский |
| 102 ## - СТРАНА ПУБЛИКАЦИИ ИЛИ ПРОИЗВОДСТВА | |
| Страна публикации | Российская Федерация |
| 105 ## - ПОЛЕ КОДИРОВАННЫХ ДАННЫХ: ТЕКСТОВЫЕ МАТЕРИАЛЫ, МОНОГРАФИЧЕСКИЕ | |
| Кодированные данные о монографическом текстовом документе | abchz|||010cb |
| 200 1# - ЗАГЛАВИЕ И СВЕДЕНИЯ ОБ ОТВЕТСТВЕННОСТИ | |
| Основное заглавие | Жизнь замечательных лесоводов |
| Сведения, относящиеся к заглавию | Георгий Иванович Редько |
| -- | к 95-летию со дня рождения |
| Первые сведения об ответственности | Конюшатов О. А., Бабич Н. А., Мерзленко М. Д. [и др.] |
| 210 ## - ПУБЛИКАЦИЯ, РАСПРОСТРАНЕНИЕ И ДР. | |
| Дата издания, распространения и т.д. | 2025 |
| 215 ## - ФИЗИЧЕСКАЯ ХАРАКТЕРИСТИКА | |
| Специфическое обозначение материала и объем | 133 с. |
| Другие сведения о физической характеристике | ил., цв. ил., портр., карты, факс., табл. |
| 300 ## - ОБЩИЕ ПРИМЕЧАНИЯ | |
| Текст примечания | На 10-й с. авт.: Конюшатов О. А., канд. с.-х. наук, доц., Бабич Н. А., д-р с.-х. наук, проф., Мерзленко М. Д., д-р с.-х. наук, проф. |
| 300 ## - ОБЩИЕ ПРИМЕЧАНИЯ | |
| Текст примечания | Авт. указаны на обороте тит. с. |
| 461 #0 - УРОВЕНЬ НАБОРА | |
| Встроенное поле | 001RU\NLR\BIBL_A\016230711 |
| -- | 2001#$aИстория лесоводства$fпод ред. С. А. Корчагова [и др.]$vВып. 5 |
| Системный номер (АБИС) связанной записи | 12766538 |
| Место публикации | Москва |
| Дата публикации | 2022 |
| Первые сведения об ответственности | под ред. С. А. Корчагова [и др.] |
| Имя издателя, распространителя и т.д. | Товарищество научных изданий КМК |
| Заглавие | История лесоводства |
| Номер тома | Вып. 5 |
| 600 #1 - ИМЯ ЛИЦА КАК ПРЕДМЕТ | |
| Начальный элемент ввода | Редько |
| Часть имени, кроме начального элемента ввода | Г.И. |
| Даты | 1930 - 2011 |
| Расширение инициалов личного имени | Георгий Иванович |
| Системный номер авторитетной/нормативной записи | 2344534 |
| Идентификатор авторитетной/нормативной записи | RU\NLR\AUTH\661401150 |
| 606 1# - НАИМЕНОВАНИЕ ТЕМЫ КАК ПРЕДМЕТ | |
| Наименование темы | Лесоводы |
| Тематический подзаголовок | Биографии |
| Географический подзаголовок | СССР |
| Системный номер авторитетной/нормативной записи | 2359857 |
| Идентификатор авторитетной/нормативной записи | RU\NLR\AUTH\6601631693 |
| 686 1# - ИНДЕКСЫ ДРУГИХ КЛАССИФИКАЦИЙ | |
| Индекс | П34д(2)Редько |
| 686 1# - ИНДЕКСЫ ДРУГИХ КЛАССИФИКАЦИЙ | |
| Индекс | П34д(2) |
| 701 #1 - ИМЯ ЛИЦА - АЛЬТЕРНАТИВНАЯ ОТВЕТСТВЕННОСТЬ | |
| Графика поля | Кириллица |
| Материалы, к которым относится поле | rus |
| Начальный элемент ввода | Бабич |
| Часть имени, кроме начального элемента ввода | Н. А. |
| Даты | 1947- |
| Расширение инициалов личного имени | Николай Алексеевич |
| Системный номер авторитетной/нормативной записи | 235554 |
| Идентификатор авторитетной/нормативной записи | RU\NLR\AUTH\770235610 |
| 701 #1 - ИМЯ ЛИЦА - АЛЬТЕРНАТИВНАЯ ОТВЕТСТВЕННОСТЬ | |
| Начальный элемент ввода | Мерзленко |
| Часть имени, кроме начального элемента ввода | Д. А. |
| Даты | 1946- |
| Расширение инициалов личного имени | Михаил Дмитриевич |
| 702 #1 - ИМЯ ЛИЦА - ВТОРИЧНАЯ ОТВЕТСТВЕННОСТЬ | |
| Начальный элемент ввода | Редько |
| Часть имени, кроме начального элемента ввода | Г. И. |
| Даты | 1930-2011 |
| Расширение инициалов личного имени | Георгий Иванович |
| Код отношения | Объект посвящения |
| 942 ## - ДОПОЛНИТЕЛЬНЫЕ ЭЛЕМЕНТЫ ЗАПИСИ (АБИС) | |
| Тип экземпляра АБИС | Книга |
| 980 ## - КОЛЛЕКЦИЯ | |
| Название коллекции | Национальная библиография |
Нет доступных экземпляров.